plus grandes villes de France par superficie - Statistiques

Statistiques générales
  • Ce quiz a été pris 63 fois
  • Le résultat moyen est 1 sur 10
Statistiques - réponses
Ville % Correct
6 Marseille
86%
1 Arles
44%
10 Nîmes
7%
4 Valence
7%
3 Saintes Maries de la mer
2%
2 Val Cenis
2%
8 Baugé en Anjou
0%
5 Chemillé en Anjou
0%
9 La Teste de Buch
0%
7 Segré en Anjou Bleu
0%
Aucun quiz correspondant
Distribution des résultats
% des personnes avec chaque résultat
Percentile par nombre de réponses
Votre historique - résultats
Vous n’avez pas pris ce quiz